000 00441nmm a2200157Ia 4500
008 251105s9999||||xx |||||||||||||||||und||
041 _aspa
100 _aMacKenzie, Sally
245 0 _aEl fruto prohibido es el más apetecido
264 _a[Madrid, España] :
_bLibros de Seda,
_c2016
300 _a352 páginas
490 _aLoves Bridge
650 _aRomance
856 _uhttps://public.digitaliapublishing.com/a/88060
942 _cCF
999 _c99938
_d99938